Genomika
Salvato in:
| Autori principali: | , , , , , , , |
|---|---|
| Natura: | Libro |
| Lingua: | slovacco |
| Pubblicazione: |
sl
CreateSpace Independent Publishing Platform
2013
|
| Accesso online: | Visualizza in OPAC |
| Tags: |
Nessun Tag, puoi essere il primo ad aggiungerne!!
|
MARC
| LEADER | 00000nam a2200000 a 4500 | ||
|---|---|---|---|
| 005 | 20260127134219.0 | ||
| 008 | 141119 2013 000 0 slo d | ||
| 020 | |a 9781494230623 | ||
| 035 | |a vtls010636653 | ||
| 039 | 9 | |y 201411190908 |z mschk03 | |
| 040 | |a STUSCHK1 |b slo |c STUSCHK1 |e AACR2 | ||
| 044 | |x o |S K | ||
| 100 | 1 | |a Nosek, Jozef | |
| 245 | 1 | |a Genomika |c Nosek, Brejová, Neboháčová, Baráth, Bhatia-Kiššová, Valent, Kollár, Tomáška | |
| 260 | |a sl |b CreateSpace Independent Publishing Platform |c 2013 | ||
| 300 | |a 1. vyd. |b il. |c 23 cm | ||
| 700 | 1 | |a Brejová, Broňa |4 aut | |
| 700 | 1 | |a Neboháčová, Martina |4 aut | |
| 700 | 1 | |a Baráth, Peter |4 aut | |
| 700 | 1 | |a Bhatia-Kiššová, Ingrid |4 aut | |
| 700 | 1 | |a Valent, Ivan |4 aut | |
| 700 | 1 | |a Kollár, Richard |4 aut |9 424 | |
| 700 | 1 | |a Tomáška, Ľubomír |4 aut | |
| 910 | |a SCHK95 | ||
| 919 | |a 9781494230623 | ||
| 999 | |c 6866 |d 6866 | ||